| 000 | 00672nam a2200169 i 4500 | ||
|---|---|---|---|
| 001 | 125563 | ||
| 003 | ES-MaACL | ||
| 005 | 20230906192644.0 | ||
| 007 | t| | ||
| 008 | 070619s1954 sp ||||1| spa d | ||
| 100 | 1 |
_aSantos Pastor, Angel. _9103521 |
|
| 245 | 1 | 0 |
_aArrendamientos protegidos _b: acceso a la propiedad, facultades del arrendador, ley de 15 julio 1954 :textos y comentarios : Apéndice a la obra " Propietarios-colonos-inquilinos", Tomo I: Arrendamientos rústicos / _cAngel Santos Pastor. |
| 260 |
_aValladolid : _bSever-Cuesta, _c1954. |
||
| 300 |
_a61 p. ; _c24 cm. |
||
| 650 |
_aArrendamiento rústico- _zEspaña. _9168997 |
||
| 852 |
_aES-MaACL _jE-4010 |
||
| 999 |
_c125563 _d125563 |
||